| 000 | 01271cas a2200421 a 4500 | ||
|---|---|---|---|
| 001 | data | ||
| 005 | 20260322212119.0 | ||
| 008 | data | ||
| 035 | _a11375700 | ||
| 906 |
_a7 _bcbc _cserials _d4 _encip _f19 _gn-oclcserc |
||
| 010 | _a 90655655 | ||
| 016 | 7 |
_a1051631-1 _2DE-600 |
|
| 035 | _a(OCoLC)22137423 | ||
| 037 | _bEdiciones NORBA 10004, Apartado de Correos 423, Cáceres | ||
| 040 |
_aDLC _beng _cDLC _dOCLCQ _dDLC _dDEBBG _dOCLCQ _dOCLCO _dOCLCF _dOCLCQ |
||
| 041 | 0 |
_aspa _aspa |
|
| 042 | _apcc | ||
| 043 | _ae-sp--- | ||
| 050 | 0 | 0 |
_aPN6 _b.G35 |
| 082 | 0 | 0 |
_a840.8/0005 _220 |
| 245 | 0 | 0 |
_aGálibo : _brevista de literatura. |
| 260 |
_aCáceres [Spain] : _bEdiciones NORBA |
||
| 300 |
_avolumes : _billustrations ; _c28 cm |
||
| 336 |
_atext _btxt _2rdacontent |
||
| 337 |
_aunmediated _bn _2rdamedia |
||
| 338 |
_avolume _bnc _2rdacarrier |
||
| 500 | _aSome issues have distinctive title. | ||
| 546 | _aFrench and Spanish. | ||
| 588 | _aDescription based on: No. 6-7, published in 1989. | ||
| 590 | _aSERBIB/SERLOC merged record | ||
| 650 | 0 | _aLiterature. | |
| 650 | 7 |
_aLiterature. _2fast _0(OCoLC)fst00999953 |
|
| 890 |
_aGálibo. _i90-655655 |
||
| 920 | _aKeep 1 | ||
| 991 |
_bc-GenColl _hPN6 _i.G35 _wSERIALS |
||
| 992 |
_bSER _wSERLOC |
||
| 999 |
_c1808 _d1808 |
||